| 000 | 00627nam a2200205 a 4500 | ||
|---|---|---|---|
| 005 | 20240215063612.0 | ||
| 008 | 991125s1951 mx 000 0 spa u | ||
| 035 | _aUPN01000003279 | ||
| 049 | _aCG | ||
| 050 | 4 |
_aB3216 C3 _bE8 1951 |
|
| 100 | 1 |
_aCassirer, Ernst, _d1874-1945 _930803 |
|
| 245 | 1 | 0 |
_aAntropología filosófica : _bintroducción a una filosofía de la cultura / _cpor Ernst Cassirer ; tr. Eugenio Imaz. |
| 250 | _a2a ed. | ||
| 260 |
_aMéxico : _bFCE, _c1951. |
||
| 300 | _a319 p. | ||
| 440 | 0 | _aSección de obras de filosofía | |
| 650 | 4 |
_aTeoría del conocimiento _91707 |
|
| 650 | 4 | _aHOMBRE | |
| 905 | _aLibro | ||
| 999 |
_c3279 _d3279 |
||